<?xml version="1.0" encoding="UTF-8"?><?xml-stylesheet type="text/xsl" href="static/style.xsl"?><OAI-PMH xmlns="http://www.openarchives.org/OAI/2.0/" xmlns:xsi="http://www.w3.org/2001/XMLSchema-instance" xsi:schemaLocation="http://www.openarchives.org/OAI/2.0/ http://www.openarchives.org/OAI/2.0/OAI-PMH.xsd"><responseDate>2026-06-02T00:41:24Z</responseDate><request verb="GetRecord" identifier="oai:riuma.uma.es:10630/31528" metadataPrefix="marc">https://riuma.uma.es/rest/oai/request</request><GetRecord><record><header><identifier>oai:riuma.uma.es:10630/31528</identifier><datestamp>2026-02-03T11:39:30Z</datestamp><setSpec>com_10630_2254</setSpec><setSpec>col_10630_37956</setSpec></header><metadata><record xmlns="http://www.loc.gov/MARC21/slim" xmlns:dcterms="http://purl.org/dc/terms/" xmlns:doc="http://www.lyncode.com/xoai" xmlns:xsi="http://www.w3.org/2001/XMLSchema-instance" xsi:schemaLocation="http://www.loc.gov/MARC21/slim http://www.loc.gov/standards/marcxml/schema/MARC21slim.xsd">
   <leader>00925njm 22002777a 4500</leader>
   <datafield ind2=" " ind1=" " tag="042">
      <subfield code="a">dc</subfield>
   </datafield>
   <datafield ind2=" " ind1=" " tag="720">
      <subfield code="a">López-Cobo, María Azucena</subfield>
      <subfield code="e">author</subfield>
   </datafield>
   <datafield ind2=" " ind1=" " tag="720">
      <subfield code="a">Plaza González, Pedro Jesús</subfield>
      <subfield code="e">author</subfield>
   </datafield>
   <datafield ind2=" " ind1=" " tag="260">
      <subfield code="c">2022</subfield>
   </datafield>
   <datafield ind2=" " ind1=" " tag="520">
      <subfield code="a">Begoña M. Rueda (Jaén, 1992) resultó ganadora del Premio Hiperión de Poesía en su XXXVI edición con Servicio de lavandería (2021), un libro que hablaba desde las paredes de un hospital de la amenaza, del miedo y de la muerte provocados por el coro- navirus durante los difíciles tiempos de la pandemia. Rueda trabajaba por aquel entonces en la lavandería del propio hospital y las sombras terribles de su día a día lograron penetrar sus versos, reejando la realidad. De este modo, el presente estudio ofrece una perspectiva del tratamiento de la muerte en un conteto pandémico a través de la poesía, deteniéndose en la exégesis de algunos pasajes del poemario que son de interés crítico bajo cuatro focos de estudio: la reelaboración de ciertos tópicos literarios como el tempus fugit, la recurrencia a las prendas manchadas por la muerte, la presencia de los elementos más simbólicos de la lucha contra la muerte y la pandemia y, nalmente, la asunción de la muerte como un hecho cotidiano en un mundo en el que, por desgracia, los muertos se contaban en el noticiero por millones. Se pretende, con todo ello, dar una perspectiva literaria y transversal de la pandemia causada por el coronavirus mediante el análisis completo de uno de los primeros tetos poéticos que recogieron dicho hecho histórico.</subfield>
   </datafield>
   <datafield ind1="8" ind2=" " tag="024">
      <subfield code="a">9788411227797</subfield>
   </datafield>
   <datafield ind1="8" ind2=" " tag="024">
      <subfield code="a">ISBN electrónico: 978-84-1122-970-8</subfield>
   </datafield>
   <datafield ind1="8" ind2=" " tag="024">
      <subfield code="a">https://hdl.handle.net/10630/31528</subfield>
   </datafield>
   <datafield tag="653" ind2=" " ind1=" ">
      <subfield code="a">Poesía española - S. XXI</subfield>
   </datafield>
   <datafield tag="653" ind2=" " ind1=" ">
      <subfield code="a">Poesía - Temas, motivos</subfield>
   </datafield>
   <datafield tag="653" ind2=" " ind1=" ">
      <subfield code="a">Rueda, Begoña M. - Crítica e interpretación</subfield>
   </datafield>
   <datafield ind2="0" ind1="0" tag="245">
      <subfield code="a">«Mañana podría tocarle a ella»: tiempo, muerte y tópicos literarios en Servicio de Lavandería de Begoña M. Rueda.</subfield>
   </datafield>
</record>
</metadata></record></GetRecord></OAI-PMH>